Principles and practice of marine diesel engines / (Record no. 4220)

000 -LEADER
fixed length control field 00427nam a22001457a 4500
008 - FIXED-LENGTH DATA ELEMENTS--GENERAL INFORMATION
fixed length control field 200727b ||||| |||| 00| 0 eng d
082 00 - DEWEY DECIMAL CLASSIFICATION NUMBER
Edition number 23rd.
Classification number 623.87236
Item number S238
100 ## - MAIN ENTRY--PERSONAL NAME
9 (RLIN) 2624
Personal name Sanyal, D. K.
245 10 - TITLE STATEMENT
Title Principles and practice of marine diesel engines /
250 ## - EDITION STATEMENT
Edition statement 2nd ed.
260 ## - PUBLICATION, DISTRIBUTION, ETC. (IMPRINT)
Place of publication, distribution, etc Bombay:
Name of publisher, distributor, etc Bhandarkar publication,
Date of publication, distribution, etc 1981.
300 ## - PHYSICAL DESCRIPTION
Extent 483 p.
650 #0 - SUBJECT ADDED ENTRY--TOPICAL TERM
Topical term or geographic name as entry element Marine Diesel Motors
942 ## - ADDED ENTRY ELEMENTS (KOHA)
Item type Books
Holdings
Withdrawn status Lost status Source of classification or shelving scheme Damaged status Not for loan Permanent location Current location Date acquired Source of acquisition Cost, normal purchase price Full call number Barcode Date last seen Cost, replacement price Koha item type
          IMU Kolkata IMU Kolkata 1994-03-21 Shankars Book Agency 140.00 623.87236 S238 08067 2020-07-27 140.00 Books
          IMU Kolkata IMU Kolkata 1994-03-21 Shankars Book Agency 140.00 623.87236 S238 08068 2021-12-28 140.00 Books
Designed and Maintained by IMU-KC Library, Kolkata Campus © Copyright All Rights Reserved

webs counters

Powered by Koha